[Event "33rd Leon Blitz Open 2020"]
[Site "chess.com INT"]
[Date "2020.07.14"]
[Round "2"]
[White "Panda, Vedic"]
[Black "Abdrlauf, Elham"]
[Result "0-1"]
[BlackTitle "FM"]
[WhiteElo "2069"]
[BlackElo "2367"]
[WhiteFideId "30903416"]
[BlackFideId "1533533"]
[EventDate "2020.07.14"]
[EventType "blitz"]

1. e4 c6 2. d4 d5 3. e5 c5 4. dxc5 e6 5. a3 Nd7 6. b4 Nxe5 7. Bb2 Nd7 8. Nf3
Ngf6 9. Bd3 Be7 10. O-O O-O 11. Nbd2 a5 12. Qe2 Re8 13. Rfe1 Bf8 14. Bb5 Qc7 15.
Ne5 Re7 16. Ndf3 b6 17. c6 Nb8 18. Nd4 Ne4 19. Bd3 Qxe5 20. f3 f5 21. c4 axb4
22. axb4 Rxa1 23. Bxa1 Qc7 24. cxd5 exd5 25. fxe4 fxe4 26. Bb5 Rf7 27. Qa2 Qd8
28. Bc3 Bd6 29. Ba4 Be5 30. b5 Bxd4+ 31. Bxd4 Be6 32. Qe2 Qd6 33. Bxb6 d4 34.
Qxe4 d3 35. Qxe6 d2 36. Qe8+ Rf8 37. Bb3+ Kh8 38. Qxf8+ Qxf8 39. Rd1 Qe7 40. Kf2
Qf6+ 41. Ke2 Qe5+ 42. Be3 Qxb5+ 43. Kxd2 Nxc6 44. Bc2 Qd5+ 45. Ke2 Qxg2+ 46. Bf2
Qxh2 47. Be4 Qe5 48. Kf3 Qf6+ 49. Ke3 h6 50. Bg3 Qg5+ 51. Bf4 Qc5+ 52. Kf3 Nd4+
53. Kg2 Ne6 54. Bg3 Qg5 55. Rb1 g6 56. Rb7 Kg8 57. Kf3 Qh5+ 58. Kg2 Qe2+ 0-1

[Event "33rd Leon Blitz Open 2020"]
[Site "chess.com INT"]
[Date "2020.07.14"]
[Round "2"]
[White "Sorokin, Aleksey"]
[Black "Hoang, Thi Bao Tram"]
[Result "1-0"]
[WhiteTitle "FM"]
[BlackTitle "WGM"]
[WhiteElo "2521"]
[BlackElo "2288"]
[WhiteFideId "24176460"]
[BlackFideId "12401102"]
[EventDate "2020.07.14"]
[EventType "blitz"]

1. d4 d5 2. c4 c6 3. Nc3 Nf6 4. e3 g6 5. Nf3 Bg7 6. Be2 O-O 7. O-O a6 8. b3 Ne4
9. Bb2 c5 10. Nxd5 Nc6 11. h3 e6 12. Nf4 cxd4 13. Nxd4 Nxd4 14. exd4 Qd6 15. g3
Rd8 16. Bf3 Bxd4 17. Bxd4 Qxd4 18. Bxe4 e5 19. Ne2 Qxe4 20. Qxd8+ Kg7 21. Nc3
Qf3 22. Rfc1 Bxh3 23. Qd5 Qh5 24. Re1 Re8 25. Qh1 Qf5 26. Nd5 h5 27. Rad1 Qc8
28. Ne3 h4 29. gxh4 Rh8 30. Qe4 Qe6 31. Rd5 Rh5 32. Red1 Qf6 33. Rd6 Qe7 34.
R6d5 Qf6 35. Ng2 Be6 36. Rd6 Qe7 37. c5 Rf5 38. b4 Qf6 39. R1d2 Rf3 40. R6d3 Rf5
41. Qxb7 g5 42. Rg3 Kh7 43. hxg5 Qg6 44. Qe4 Kg7 45. c6 Qh5 46. c7 Bc8 47. Rd8
Be6 48. c8=Q Bxc8 49. Rxc8 Qd1+ 50. Qe1 Qd7 51. Rcc3 Qe6 52. Rce3 Qd5 53. Nh4
Rf4 54. Rxe5 Qxa2 55. Ng2 Rd4 56. g6 Qc2 57. Re2 Qa4 58. gxf7+ Kxf7 59. Re7+ Kf8
60. Qe5 Qd1+ 61. Ne1 1-0

[Event "33rd Leon Blitz Open 2020"]
[Site "chess.com INT"]
[Date "2020.07.14"]
[Round "2"]
[White "Ziatdinov, Raset"]
[Black "Mhango, Banele"]
[Result "0-1"]
[WhiteTitle "GM"]
[BlackTitle "FM"]
[WhiteElo "2213"]
[BlackElo "2117"]
[WhiteFideId "2015323"]
[BlackFideId "14327040"]
[EventDate "2020.07.14"]
[EventType "blitz"]

1. e4 c5 2. d4 cxd4 3. Nf3 d6 4. Nxd4 Nf6 5. Nc3 a6 6. Bg5 e6 7. f4 Be7 8. Qf3
Qc7 9. O-O-O Nbd7 10. g4 h6 11. Bxf6 Bxf6 12. h4 Be7 13. g5 Nf8 14. f5 hxg5 15.
hxg5 Rxh1 16. Qxh1 Bxg5+ 17. Kb1 Bf6 18. fxe6 fxe6 19. Be2 Bd7 20. Bh5+ Kd8 21.
Bg4 Bxd4 22. Rxd4 Qb6 23. Qd1 Kc7 24. Rc4+ Kb8 25. a3 Ka7 26. Rd4 d5 27. exd5 e5
28. Rb4 Qd6 29. Be2 Rc8 30. Qg1+ Qc5 31. Qxg7 Qd6 32. Bc4 a5 33. Ne4 Qg6 34.
Qxe5 axb4 35. Nd6 Qg1+ 36. Ka2 Ra8 37. axb4 Kb6+ 38. Kb3 Ba4+ 39. Kc3 Nd7 40.
Qe7 Qg3+ 41. Bd3 Qe5+ 42. Qxe5 Nxe5 43. Be4 Rd8 44. Kd4 Rxd6 45. Kxe5 Rd8 46. c4
Re8+ 47. Kd4 Kc7 48. c5 Rb8 49. d6+ Kd7 50. Bf5+ Kd8 51. Kc4 Bd7 52. Be4 Bc6 53.
Bd3 Bf3 54. b5 Rc8 55. b4 Ra8 56. Kd4 Ra4 57. Kc3 Ra1 0-1

[Event "33rd Leon Blitz Open 2020"]
[Site "chess.com INT"]
[Date "2020.07.14"]
[Round "2"]
[White "Puranik, Abhimanyu"]
[Black "Navalgund, Niranjan"]
[Result "1-0"]
[WhiteTitle "GM"]
[BlackTitle "FM"]
[WhiteElo "2584"]
[BlackElo "2289"]
[WhiteFideId "5061245"]
[BlackFideId "5030854"]
[EventDate "2020.07.14"]
[EventType "blitz"]

1. Nf3 Nf6 2. g3 g6 3. b3 Bg7 4. Bb2 O-O 5. Bg2 b6 6. d3 Bb7 7. e4 d6 8. O-O
Nbd7 9. Nc3 e5 10. a4 a6 11. Re1 Nc5 12. b4 Ne6 13. Ne2 h6 14. Nd2 Rb8 15. d4
exd4 16. Nxd4 Re8 17. Nxe6 Rxe6 18. Ra3 Qe8 19. f3 c5 20. bxc5 dxc5 21. Qa1 b5
22. axb5 axb5 23. Bh3 Rb6 24. Ra7 Nh5 25. Bxg7 Nxg7 26. Qc3 c4 27. Nf1 Qd8 28.
Ne3 Rd6 29. Ng4 Qb6+ 30. Qe3 h5 31. Qxb6 Rxb6 32. Ne5 Ra6 33. Rxa6 Bxa6 34. Ra1
Bc8 35. Nc6 Bxh3 36. Nxb8 Ne6 37. Nc6 Nc5 38. Kf2 Na4 39. Rd1 Nc3 40. Rd8+ Kg7
41. Rb8 Bd7 42. Nd4 Kf6 43. Ke3 Ke7 44. e5 Nd5+ 45. Kd2 b4 46. Rb7 Kd8 47. Rb8+
Ke7 48. f4 h4 49. gxh4 c3+ 50. Kc1 Bg4 51. Nc6+ Ke6 52. Nxb4 Nxf4 53. Nd3 Nd5
54. Rd8 Bf3 55. Rd6+ Ke7 56. Nc5 Nf4 57. Rd7+ Ke8 58. Rc7 Bg4 59. Ne4 Nd5 60.
Nf6+ Kd8 61. Nxd5 1-0

[Event "33rd Leon Blitz Open 2020"]
[Site "chess.com INT"]
[Date "2020.07.14"]
[Round "2"]
[White "Postny, Evgeny"]
[Black "Munkhzul, Turmunkh"]
[Result "1/2-1/2"]
[WhiteTitle "GM"]
[BlackTitle "WIM"]
[WhiteElo "2600"]
[BlackElo "2278"]
[WhiteFideId "2804344"]
[BlackFideId "4901878"]
[EventDate "2020.07.14"]
[EventType "blitz"]

1. e4 c5 2. d4 cxd4 3. c3 Nf6 4. e5 Nd5 5. Nf3 Nc6 6. cxd4 d6 7. Bc4 dxe5 8.
dxe5 Ndb4 9. Qe2 Bf5 10. O-O Bd3 11. Bxd3 Qxd3 12. Qxd3 Nxd3 13. e6 f6 14. Nc3
O-O-O 15. Be3 g6 16. Rfd1 Bg7 17. Nb5 Kb8 18. Nfd4 Nxd4 19. Bxd4 a6 20. Rxd3
axb5 21. Rad1 Rd6 22. Be3 Rxe6 23. Bf4+ Kc8 24. h4 f5 25. Ra3 Ra6 26. Rc1+ Kd8
27. Rd3+ Ke8 28. Rc7 Kf7 29. Rxb7 Rxa2 30. Re3 Bf6 31. Bg5 Re8 32. Bxf6 Kxf6 33.
Rxb5 e6 34. g3 Ra1+ 35. Kg2 Rb1 36. Rb6 h6 37. Re2 g5 38. h5 g4 39. Re3 Kg5 40.
Rexe6 Rxe6 41. Rxe6 Rxb2 42. Re8 Kxh5 43. Rg8 Rc2 44. Kg1 Rc6 45. Kg2 Rg6 46.
Ra8 Kg5 47. Ra5 h5 48. Rb5 Rf6 49. Ra5 h4 50. gxh4+ Kxh4 51. f3 Kg5 52. fxg4
Kxg4 53. Ra8 Rb6 54. Ra3 Rb2+ 55. Kf1 Rh2 56. Rb3 Rh3 57. Rxh3 Kxh3 58. Kf2 Kg4
59. Kg2 Kf4 60. Kf2 Ke4 61. Ke2 f4 62. Kf2 f3 63. Kf1 Kf4 64. Kf2 Kg4 65. Kf1
Kg3 66. Kg1 f2+ 67. Kf1 Kf3 1/2-1/2

[Event "33rd Leon Blitz Open 2020"]
[Site "chess.com INT"]
[Date "2020.07.14"]
[Round "2"]
[White "Bartel, Mateusz"]
[Black "Vantika, Agrawal"]
[Result "1-0"]
[WhiteTitle "GM"]
[BlackTitle "WIM"]
[WhiteElo "2648"]
[BlackElo "2286"]
[WhiteFideId "1112635"]
[BlackFideId "25050389"]
[EventDate "2020.07.14"]
[EventType "blitz"]

1. Nf3 Nf6 2. c4 g6 3. Nc3 Bg7 4. g3 d6 5. Bg2 O-O 6. O-O Nc6 7. Rb1 a5 8. a3 e5
9. d3 Re8 10. Nd2 Be6 11. b4 axb4 12. axb4 d5 13. b5 Ne7 14. Bb2 b6 15. Ra1 Qd7
16. Qc2 Rxa1 17. Rxa1 dxc4 18. Nxc4 Nfd5 19. Ra7 Nxc3 20. Qxc3 Qxb5 21. Na3 Qc5
22. Qxc5 bxc5 23. Rxc7 Nd5 24. Rxc5 Rb8 25. Bxd5 Bxd5 26. Rxd5 Rxb2 27. Rd8+ Bf8
28. Kf1 f6 29. Nc4 Rb1+ 30. Kg2 Kf7 31. Ra8 Be7 32. Ra7 Ke6 33. h4 h5 34. Kf3
Rc1 35. Ra6+ Kf7 36. Ne3 Rb1 37. Nd5 Rb5 38. e4 Rb7 39. Rc6 Ra7 40. Ke3 Rb7 41.
f4 exf4+ 42. gxf4 Rd7 43. d4 Bd8 44. Nb4 Rb7 45. Nd3 Ra7 46. e5 fxe5 47. fxe5
Bxh4 48. Ke4 Be7 49. Nf4 g5 50. Nxh5 g4 51. Ng3 Ra3 52. Nf5 g3 53. Rc7 g2 54.
Rxe7+ Kg6 55. Rg7+ Kh5 56. Rxg2 Rf3 57. Ng7+ 1-0

[Event "33rd Leon Blitz Open 2020"]
[Site "chess.com INT"]
[Date "2020.07.14"]
[Round "2"]
[White "Tronenkovs, Valdis"]
[Black "Xu, Yuanyuan"]
[Result "1-0"]
[WhiteTitle "FM"]
[BlackTitle "WGM"]
[WhiteElo "2265"]
[BlackElo "2317"]
[WhiteFideId "11601558"]
[BlackFideId "8601089"]
[EventDate "2020.07.14"]
[EventType "blitz"]

1. e4 c6 2. Nc3 d5 3. Nf3 dxe4 4. Nxe4 Nf6 5. Qe2 Nxe4 6. Qxe4 Qd5 7. Qf4 Qf5 8.
d3 Qxf4 9. Bxf4 e6 10. O-O-O Be7 11. h4 O-O 12. h5 h6 13. Be2 Nd7 14. g4 Nf6 15.
g5 Nd5 16. Bd2 hxg5 17. Nxg5 Bxg5 18. Bxg5 f6 19. Bd2 e5 20. Rdg1 Kf7 21. Rh2
Bf5 22. Rhg2 Rg8 23. Bf3 Nf4 24. Bxf4 exf4 25. Rh1 Rae8 26. Kd2 Be6 27. Rh4 Bd5
28. Bxd5+ cxd5 29. Rxf4 Re5 30. Rh4 Rh8 31. Rgh2 Rh6 32. f4 Re8 33. Re2 Rxe2+
34. Kxe2 Ke6 35. Kf3 Kf5 36. Kg3 Rh8 37. Rh2 Re8 38. Kf3 Re1 39. h6 gxh6 40.
Rxh6 Rf1+ 41. Ke3 Rxf4 42. Rxf6+ Kxf6 43. Kxf4 Ke6 44. c3 Kf6 45. b3 Ke6 46. c4
dxc4 47. bxc4 Kd6 48. d4 Ke6 49. Ke4 Kd6 50. d5 b6 51. Kd4 a6 52. a3 Kd7 53. Ke5
Ke7 54. d6+ Kd7 55. Kd5 b5 56. c5 a5 57. c6+ Ke8 58. Kc5 b4 59. axb4 axb4 60.
Kxb4 Kd8 61. Kc5 Kc8 62. Kb6 Kd8 63. Kb7 Ke8 64. Kc7 Kf7 65. d7 Ke6 66. d8=Q 1-0

[Event "33rd Leon Blitz Open 2020"]
[Site "chess.com INT"]
[Date "2020.07.14"]
[Round "2"]
[White "Karas, Marek"]
[Black "Asadli, Vugar"]
[Result "0-1"]
[WhiteTitle "FM"]
[BlackTitle "GM"]
[WhiteElo "2249"]
[BlackElo "2572"]
[WhiteFideId "14928558"]
[BlackFideId "13405764"]
[EventDate "2020.07.14"]
[EventType "blitz"]

1. d4 Nf6 2. Bf4 g6 3. Nc3 d5 4. e3 Bg7 5. h4 c6 6. Be2 h5 7. Nf3 Bg4 8. Ne5
Bxe2 9. Qxe2 Nbd7 10. O-O-O Rc8 11. Kb1 b5 12. Qd3 Qa5 13. Nxd7 Nxd7 14. e4 b4
15. Ne2 dxe4 16. Qxe4 Qd5 17. Ng3 Nf6 18. Qxd5 Nxd5 19. Be3 f5 20. Bg5 Kf7 21.
Rhe1 Bf6 22. Bxf6 exf6 23. Ne2 Rhe8 24. Nc1 f4 25. Nd3 a5 26. Kc1 g5 27. hxg5
fxg5 28. Ne5+ Kf6 29. Rh1 h4 30. Rde1 Kf5 31. Kd2 c5 32. Nf7 Rxe1 33. Rxe1 Kg6
34. Ne5+ Kh5 35. dxc5 Rxc5 36. Nd7 Rc7 37. Nf8 Nb6 38. Ne6 Rd7+ 39. Kc1 Rd5 40.
Nc7 Rc5 41. Ne6 Rd5 42. Nc7 Rf5 43. Ne6 Kg6 44. Nd4 Rf6 45. f3 Nc4 46. Rg1 Ne3
47. c3 bxc3 48. bxc3 Rb6 49. Nb3 a4 50. Nc5 a3 51. Nb3 Rd6 52. Nd4 Kh5 53. Nb5
Rd3 54. Nxa3 g4 55. fxg4+ Kxg4 56. Nb1 Kg3 57. a4 Kh2 58. Re1 Kxg2 59. a5 f3 60.
Nd2 f2 61. Re2 h3 62. a6 h2 63. a7 h1=Q+ 64. Kb2 Kg3 65. Rxe3+ Rxe3 66. Nf1+ Kf4 0-1

[Event "33rd Leon Blitz Open 2020"]
[Site "chess.com INT"]
[Date "2020.07.14"]
[Round "2"]
[White "Livaic, Leon"]
[Black "Sahil, Tickoo"]
[Result "1-0"]
[WhiteTitle "IM"]
[WhiteElo "2507"]
[BlackElo "2245"]
[WhiteFideId "14531534"]
[BlackFideId "5019710"]
[EventDate "2020.07.14"]
[EventType "blitz"]

1. d4 Nf6 2. c4 e6 3. Nf3 d5 4. Nc3 Be7 5. Bg5 h6 6. Bh4 Nbd7 7. e3 Ne4 8. Bxe7
Qxe7 9. Rc1 c6 10. Bd3 Nxc3 11. Rxc3 O-O 12. O-O e5 13. dxe5 dxc4 14. Bxc4 Nxe5
15. Nxe5 Qxe5 16. Qd2 Be6 17. Bxe6 Qxe6 18. b3 Rfd8 19. Rd3 Rd5 20. Rxd5 Qxd5
21. Qxd5 cxd5 22. Rc1 Rd8 23. Kf1 Rd7 24. Ke2 f6 25. Kd3 Kf7 26. Kd4 Ke6 27. Rc5
a6 28. a4 g6 29. a5 h5 30. b4 g5 31. b5 h4 32. b6 g4 33. Rc8 g3 34. hxg3 hxg3
35. fxg3 Rg7 36. Re8+ Kd6 37. Rd8+ Kc6 38. Rxd5 Rxg3 39. Rc5+ Kd6 40. Rc7 Rxg2
41. Rxb7 Ra2 42. Rf7 Rxa5 43. Rxf6+ Kd7 44. e4 Rb5 45. Kc4 Rb1 46. e5 a5 47.
Rd6+ Ke7 48. Kc5 a4 49. Rd4 a3 50. Ra4 Rb3 51. Kc6 Rc3+ 52. Kb5 Rb3+ 53. Ka6 Kd7
54. b7 Ke6 55. Ka7 Kxe5 56. b8=Q+ Rxb8 57. Kxb8 a2 58. Rxa2 1-0

[Event "33rd Leon Blitz Open 2020"]
[Site "chess.com INT"]
[Date "2020.07.14"]
[Round "2"]
[White "Rom, Jasper"]
[Black "Bauer, Christian"]
[Result "0-1"]
[BlackTitle "GM"]
[WhiteElo "2202"]
[BlackElo "2623"]
[WhiteFideId "2023733"]
[BlackFideId "603767"]
[EventDate "2020.07.14"]
[EventType "blitz"]

1. e4 Nc6 2. Nf3 d6 3. d4 Nf6 4. Nc3 g6 5. h3 Bg7 6. Be3 a6 7. a4 O-O 8. Be2 e6
9. O-O b6 10. Qd2 Re8 11. Bg5 Bb7 12. Rad1 Ne7 13. Qf4 Nd7 14. Qh4 f6 15. Bh6 d5
16. Bxg7 Kxg7 17. Bd3 c5 18. Rfe1 c4 19. Bf1 dxe4 20. Nxe4 Qc7 21. Qg3 Qxg3 22.
fxg3 Nf5 23. g4 Bxe4 24. Rxe4 Nd6 25. Re3 g5 26. Rde1 Kf7 27. g3 b5 28. axb5
axb5 29. Bg2 Ra2 30. Rb1 Nb6 31. c3 Na4 32. b3 Nb6 33. bxc4 Nbxc4 34. Ree1 Rea8
35. h4 h6 36. Rf1 Ke7 37. Rfe1 Kd7 38. d5 e5 39. Nh2 Rc2 40. Rbc1 Raa2 41. Rxc2
Rxc2 42. Rf1 Ke7 43. Rf3 Nd2 44. Rf2 Rc1+ 45. Nf1 N2e4 46. Rf3 Nxc3 47. Kh2 Ne2
48. Ne3 Nd4 49. Rf2 Rc3 50. Nf5+ N6xf5 51. gxf5 Rc2 52. Rf1 b4 53. hxg5 hxg5 54.
Ra1 b3 55. Ra7+ Kd8 56. d6 g4 57. Kg1 b2 58. Ra8+ Kd7 59. Ra7+ Kxd6 60. Ra6+ Kc7
61. Ra7+ Kd8 62. Ra8+ Rc8 0-1

[Event "33rd Leon Blitz Open 2020"]
[Site "chess.com INT"]
[Date "2020.07.14"]
[Round "2"]
[White "Aravindh, Chithambaram VR."]
[Black "Ermakov, Evgeny"]
[Result "0-1"]
[WhiteTitle "GM"]
[BlackTitle "IM"]
[WhiteElo "2641"]
[BlackElo "2513"]
[WhiteFideId "5072786"]
[BlackFideId "4129954"]
[EventDate "2020.07.14"]
[EventType "blitz"]

1. e4 c6 2. d4 d5 3. e5 Bf5 4. h4 h6 5. Bd3 Bxd3 6. Qxd3 e6 7. Ne2 Ne7 8. c3 Nd7
9. Nd2 g6 10. Nf3 Bg7 11. Ng3 O-O 12. h5 g5 13. Nxg5 hxg5 14. h6 Bxe5 15. dxe5
Nxe5 16. Qd4 N7g6 17. Be3 Kh7 18. O-O-O Qd6 19. Nh5 f6 20. f4 gxf4 21. Bxf4 c5
22. Qe3 b5 23. Rhe1 Rac8 24. g4 d4 25. Qe4 Qd5 26. g5 b4 27. Nxf6+ Rxf6 28. gxf6
Qxe4 29. Rxe4 Nf7 30. Rg1 e5 31. Bd2 bxc3 32. bxc3 Rc6 33. Rf1 Re6 34. Kc2 Ra6
35. Kb3 Rb6+ 36. Kc2 Ra6 37. Kb1 Rb6+ 38. Ka1 Nf8 39. Rg4 Ne6 40. Rfg1 Rb7 41.
Rg7+ Nxg7 42. Rxg7+ Kh8 43. cxd4 cxd4 44. Rg4 Kh7 45. a3 Kh8 46. Ka2 Rb6 47. Rg6
e4 48. Rg4 e3 49. Bc1 Rd6 50. Re4 Kh7 51. Re7 Kg6 52. h7 Nh8 53. Re8 Kxh7 54.
Kb3 Nf7 55. Kc4 Nd8 56. Kd3 Kg6 57. Bb2 Ne6 58. f7 Kxf7 59. Ra8 Nf4+ 60. Ke4 e2 0-1

[Event "33rd Leon Blitz Open 2020"]
[Site "chess.com INT"]
[Date "2020.07.14"]
[Round "2"]
[White "Srihari, L R"]
[Black "Berkovich, Mark A"]
[Result "1-0"]
[WhiteTitle "FM"]
[BlackTitle "IM"]
[WhiteElo "2414"]
[BlackElo "2326"]
[WhiteFideId "46617116"]
[BlackFideId "2801639"]
[EventDate "2020.07.14"]
[EventType "blitz"]

1. d4 Nf6 2. Bg5 d5 3. Nd2 Nbd7 4. e3 g6 5. Ngf3 Bg7 6. Bd3 O-O 7. c3 c5 8. O-O
Qc7 9. Bf4 Qb6 10. Rb1 Nh5 11. Bg5 Re8 12. e4 h6 13. Bh4 Nf4 14. Bc2 cxd4 15.
cxd4 dxe4 16. Nxe4 Nf6 17. Bxf6 exf6 18. Qd2 Nd5 19. Rfe1 Bg4 20. Bd1 Bf5 21.
Bc2 Nb4 22. Bd3 Nxd3 23. Qxd3 Rad8 24. Rbd1 Qxb2 25. Rd2 Qb4 26. Rde2 Kh8 27. h3
Rd7 28. Qd1 Rde7 29. Ng3 Be6 30. d5 Rd7 31. Rd2 Red8 32. dxe6 Rxd2 33. Nxd2 fxe6
34. Ngf1 f5 35. Qe2 Bc3 36. Rd1 Qd6 37. Rc1 Bxd2 38. Rd1 Qc6 39. Rxd2 Rxd2 40.
Nxd2 Kh7 41. Nf3 Qc1+ 42. Kh2 Qf4+ 43. g3 Qd6 44. Qe5 Qxe5 45. Nxe5 Kg7 46. f4
Kf6 47. Kg2 b5 48. Kf3 g5 49. Ke3 a5 50. Kd4 h5 51. Nf3 g4 52. hxg4 fxg4 53. Nh4
b4 54. Kc4 e5 55. fxe5+ Kxe5 56. Kb5 Kd4 57. Kxa5 Kc3 58. Ka4 Kc4 59. Nf5 Kc3
60. Ne3 Kd3 61. Ng2 Ke2 62. Nf4+ 1-0

[Event "33rd Leon Blitz Open 2020"]
[Site "chess.com INT"]
[Date "2020.07.14"]
[Round "2"]
[White "Swayams, Mishra"]
[Black "Demchenko, Anton"]
[Result "0-1"]
[WhiteTitle "GM"]
[BlackTitle "GM"]
[WhiteElo "2489"]
[BlackElo "2641"]
[WhiteFideId "5028183"]
[BlackFideId "4160258"]
[EventDate "2020.07.14"]
[EventType "blitz"]

1. d4 Nf6 2. Nf3 d6 3. Nc3 Bf5 4. g3 Qc8 5. h3 g6 6. Bg2 Bg7 7. g4 Bd7 8. e4 O-O
9. Be3 Nc6 10. Qd2 e5 11. dxe5 Nxe5 12. Nxe5 dxe5 13. O-O-O Be6 14. g5 Nh5 15.
Nd5 Bxd5 16. exd5 Nf4 17. Be4 Qd7 18. Kb1 Rfd8 19. h4 Qb5 20. f3 Rd7 21. h5 Rad8
22. hxg6 hxg6 23. Qc1 Ne2 24. Qd2 Nf4 25. Qc1 Qc4 26. Bxf4 exf4 27. Rd3 Be5 28.
Rh2 b6 29. Qh1 Qb4 30. Rb3 Qe7 31. Qg1 a5 32. a3 Kg7 33. Rd3 Rh8 34. Rdd2 Rdd8
35. Rdg2 Rdg8 36. Qh1 Kf8 37. Qg1 Qd6 38. Rxh8 Rxh8 39. Rh2 Rxh2 40. Qxh2 Qc5
41. c3 Qb5 42. Ka1 Qc5 43. Qg2 Kg8 44. Kb1 b5 45. Qf1 b4 46. axb4 axb4 47. cxb4
Qxb4 48. Qe2 Qd4 49. Ka2 Kg7 50. Qc2 Qb4 51. Kb1 Kf8 52. Ka2 Ke7 53. Qb3 Qc5 54.
Qa3 Kd6 55. Kb3 Bd4 56. Qxc5+ Kxc5 57. Ka3 Bf2 58. Kb3 Bh4 59. Kc2 Bxg5 60. Kd3
Bf6 61. Kc2 Be5 62. b3 f5 63. Bd3 Kxd5 64. Bc4+ Kd4 65. Bf7 g5 66. Be6 Ke3 67.
Bd5 g4 68. fxg4 fxg4 69. Kd1 Bc3 0-1

[Event "33rd Leon Blitz Open 2020"]
[Site "chess.com INT"]
[Date "2020.07.14"]
[Round "2"]
[White "Fakhrutdinov, Timur"]
[Black "Matlakov, Maxim"]
[Result "0-1"]
[WhiteTitle "FM"]
[BlackTitle "GM"]
[WhiteElo "2501"]
[BlackElo "2685"]
[WhiteFideId "24176702"]
[BlackFideId "4168003"]
[EventDate "2020.07.14"]
[EventType "blitz"]

1. e4 c5 2. Nf3 e6 3. d4 cxd4 4. Nxd4 Nc6 5. Nc3 Qc7 6. Be3 a6 7. Be2 Nf6 8. O-O
Be7 9. f4 d6 10. Qe1 O-O 11. Qg3 Nxd4 12. Bxd4 b5 13. a3 Bb7 14. Rae1 Bc6 15.
Kh1 Rac8 16. Bd3 e5 17. fxe5 Nh5 18. Qg4 dxe5 19. Qxh5 exd4 20. Nd5 Bxd5 21.
Qxd5 Rcd8 22. Qh5 g6 23. Qe2 Qe5 24. g3 h5 25. Qf3 Bg5 26. Re2 Kg7 27. Rg2 Rd7
28. Qe2 Re7 29. Qd1 Rh8 30. Qf3 Rc8 31. Qd1 Rc6 32. Rgf2 h4 33. Rf5 gxf5 34.
Rxf5 Qc7 35. Rxg5+ Rg6 36. Rxg6+ fxg6 37. Qg4 hxg3 38. hxg3 Qe5 39. Kg2 Rf7 40.
Qh4 Qf6 41. Qxf6+ Kxf6 42. Kf3 Ke5+ 43. Kg4 Rf6 44. Kg5 Rb6 45. Kh6 Kf6 46. g4
Ke5 47. Kg5 a5 48. b3 b4 49. a4 Rc6 50. Kh6 Kf4 51. g5 Ke5 52. Kg7 Rd6 53. Kf7
Kf4 54. e5 Kxe5 55. Bxg6 Kf4 56. Bd3 Kxg5 57. Ke7 Rh6 58. Kd7 Kf4 59. Kc7 Ke3
60. Kb7 Kd2 61. Be4 Kc3 62. Bf5 Rh2 63. Kb6 Rxc2 0-1

[Event "33rd Leon Blitz Open 2020"]
[Site "chess.com INT"]
[Date "2020.07.14"]
[Round "2"]
[White "Selbes, Tarik"]
[Black "Kobalia, Mikhail"]
[Result "1/2-1/2"]
[WhiteTitle "FM"]
[BlackTitle "GM"]
[WhiteElo "2235"]
[BlackElo "2614"]
[WhiteFideId "6302513"]
[BlackFideId "4119150"]
[EventDate "2020.07.14"]
[EventType "blitz"]

1. e4 c6 2. d4 d5 3. Nc3 dxe4 4. Nxe4 Bf5 5. Ng3 Bg6 6. h4 h6 7. Nh3 Nf6 8. Nf4
Bh7 9. Bc4 e6 10. c3 Bd6 11. Ngh5 O-O 12. O-O Nbd7 13. Re1 Nxh5 14. Qxh5 Nf6 15.
Qf3 Qc7 16. Nd3 Nd5 17. Ne5 Rad8 18. Bb3 c5 19. Bxd5 exd5 20. Bd2 Be4 21. Qg4 f6
22. Ng6 Rfe8 23. f3 Bxg6 24. Qxg6 Qf7 25. Qf5 cxd4 26. cxd4 Rxe1+ 27. Rxe1 Bg3
28. Re6 Bxh4 29. Qh3 Bg3 30. f4 h5 31. Re2 h4 32. Qg4 Re8 33. f5 Qd7 34. Re6 Rc8
35. Bf4 Qa4 36. Bxg3 hxg3 37. Qxg3 Qd1+ 38. Kh2 Qh5+ 39. Qh3 Qxh3+ 40. Kxh3 Rc2
41. Re7 Rxb2 42. g4 a5 43. a4 Rb4 44. Kh4 Rxd4 45. Rxb7 Rxa4 46. Kh5 Kh7 47. g5
fxg5 48. f6 Rh4+ 49. Kxg5 Rh1 50. Rxg7+ Kh8 51. Ra7 Rg1+ 52. Kh6 Rh1+ 53. Kg6
Rg1+ 54. Kh6 Rh1+ 55. Kg6 Rg1+ 56. Kf7 Kh7 57. Rxa5 Rb1 58. Rxd5 Rb7+ 59. Ke6
Kg6 60. Rd6 Rf7 61. Ke5 Ra7 62. Kd5 Kf7 63. Ke5 Ra5+ 64. Rd5 Rxd5+ 65. Kxd5 Kxf6 1/2-1/2

[Event "33rd Leon Blitz Open 2020"]
[Site "chess.com INT"]
[Date "2020.07.14"]
[Round "2"]
[White "Costa, Paulo Cesar"]
[Black "Pandey, Srishti"]
[Result "1/2-1/2"]
[BlackTitle "WFM"]
[WhiteElo "1974"]
[BlackElo "2026"]
[WhiteFideId "2101912"]
[BlackFideId "35093290"]
[EventDate "2020.07.14"]
[EventType "blitz"]

1. Nf3 Nf6 2. c4 g6 3. d4 Bg7 4. Nc3 O-O 5. e4 d6 6. Be2 e5 7. O-O Nc6 8. d5 Ne7
9. Ne1 Nd7 10. Nd3 f5 11. Bd2 Nf6 12. f3 f4 13. c5 g5 14. Rc1 Rf7 15. Nb5 Ng6
16. Ba5 b6 17. cxd6 cxd6 18. Bb4 Ne8 19. Rc6 Bf8 20. Nf2 h5 21. Qd3 a6 22. Na3
Bd7 23. Rc2 b5 24. Rb1 a5 25. Be1 Rb8 26. b4 a4 27. Rbc1 Nf6 28. Rc6 g4 29. Nxb5
g3 30. Nd1 gxh2+ 31. Kxh2 Rg7 32. Ndc3 Ne8 33. Nxa4 Nh4 34. Bf1 Qg5 35. Bxh4
Qxh4+ 36. Kg1 Bh3 37. Nb2 Qg3 38. Qe2 Rxb5 39. Qf2 Qxf2+ 40. Kxf2 Rxb4 41. Nd3
Ra4 42. gxh3 Rxa2+ 43. R6c2 Rxc2+ 44. Rxc2 Ra7 45. Nb4 Be7 46. Nc6 Bh4+ 47. Kg1
Rg7+ 48. Bg2 Bg3 49. Kf1 Rc7 50. Rb2 Kf7 51. Rb8 Nf6 52. Nd8+ Ke7 53. Nc6+ Kf7
54. Nd8+ Kg6 55. Nc6 Rh7 56. Rf8 Rb7 57. Rd8 Rb2 58. Rxd6 Rf2+ 59. Kg1 Ra2 60.
Ne7+ Kf7 61. Nf5 Ra1+ 62. Bf1 h4 63. Rb6 Be1 64. Rb7+ Kf8 65. Rb8+ Kf7 66. Rb7+
Ke8 67. Rb8+ Kf7 68. Rb7+ 1/2-1/2

[Event "33rd Leon Blitz Open 2020"]
[Site "chess.com INT"]
[Date "2020.07.14"]
[Round "2"]
[White "De Silva, L M S T"]
[Black "Aditya, Mittal"]
[Result "0-1"]
[WhiteTitle "FM"]
[BlackTitle "IM"]
[WhiteElo "2114"]
[BlackElo "2438"]
[WhiteFideId "9953698"]
[BlackFideId "35042025"]
[EventDate "2020.07.14"]
[EventType "blitz"]

1. e4 c5 2. Nf3 Nc6 3. Bb5 e6 4. O-O Nge7 5. Re1 a6 6. Bf1 Ng6 7. c3 d5 8. exd5
Qxd5 9. d4 cxd4 10. cxd4 Be7 11. Nc3 Qd6 12. d5 exd5 13. Qxd5 Be6 14. Qxd6 Bxd6
15. Bc4 Nge5 16. Nxe5 Bxe5 17. Bxe6 fxe6 18. f4 Bxc3 19. bxc3 Kf7 20. Rb1 b5 21.
c4 Rhb8 22. c5 Ne7 23. Be3 Nd5 24. Bd4 g6 25. Be5 Rc8 26. Bd6 h5 27. g3 b4 28.
h3 a5 29. g4 hxg4 30. hxg4 Rh8 31. Rbd1 Rh4 32. g5 Rah8 33. Kg2 Rh2+ 34. Kf3
R8h3+ 35. Kg4 Rh4+ 36. Kf3 R4h3+ 37. Kg4 Re3 38. c6 Rg2+ 39. Kh4 Rh2+ 40. Kg4
Rg2+ 41. Kh4 Rxe1 42. Rxe1 Rc2 43. c7 Nxc7 44. Bxc7 Rxc7 45. Re5 a4 46. Rb5 Rc4
47. Kg3 Rc3+ 48. Kg4 b3 49. axb3 Rxb3 50. Ra5 a3 51. Ra7+ Kf8 52. Kh4 Rb4 53.
Kg3 Rb3+ 54. Kg4 Ke8 55. Kh4 Kd8 56. Rg7 Kc8 57. Ra7 Kb8 58. Ra4 Kb7 59. Kg4 Re3
60. Kh4 Kb6 61. Kg4 Kb5 62. Ra8 Kb4 63. Rb8+ Kc4 64. Rc8+ Kb3 65. Rb8+ Kc2 66.
Ra8 Kb2 67. f5 exf5+ 68. Kf4 Rb3 69. Ke5 a2 0-1